| 000 | 00937nam a2200217 u 4500 | ||
|---|---|---|---|
| 001 | 000309082 | ||
| 003 | AM-YeHGA | ||
| 005 | 20250617130253.0 | ||
| 008 | 040217s1987 ||| r 000 0 rus d | ||
| 040 | _aAM-YeHGA | ||
| 041 | 0 | _arus | |
| 100 | 1 | _aАлексеева, Татьяна Алексеевна | |
| 245 | 1 | 0 |
_aДоверено защищать революцию : _b(О Г.И. Бокии) / _cТатьяна Алексеева, Николай Матвеев. |
| 260 |
_aМосква : _bПолитиздат, _c1987. |
||
| 300 |
_a254 с. : _b[2] л. ил. |
||
| 600 | 1 | 4 | _aБокий, Глеб Иванович |
| 653 | 0 | _aКПСС - История - Биографии | |
| 653 | 0 | _aВсероссийская чрезвычайная комиссия по борьбе с контрреволюцией и саботажем (ВЧК) - История | |
| 700 | 1 | _aМатвеев, Николай | |
| 090 | _c115443 | ||
| 999 |
_c114103 _d114103 |
||